000 00620cam a22002053a 4500
001 41217
003 PGUSA
005 20140828083928.0
008 121029s2012||||xxu|||||s|||||000 | eng d
040 _aPGUSA
_beng
042 _adc
100 1 _aLucas, Frederick
245 1 0 _aEnglish-French and French-English dictionary of the motor car, cycle, and boat
_h[electronic resource] /
_cFrederick Lucas
260 _bProject Gutenberg,
_c2012
506 _aPublic domain in the USA.
516 _aElectronic text
830 0 _aProject Gutenberg
_v41217
856 4 0 _uhttp://www.gutenberg.org/ebooks/41217
942 _cEB
999 _c270469
_d270469